| 000 | 00787cam a2200289 4500500 | ||
|---|---|---|---|
| 005 | 20260405003349.0 | ||
| 041 | _afre | ||
| 042 | _adc | ||
| 100 | 1 | 0 |
_aLegros, Martin _eauthor |
| 245 | 0 | 0 | _aManon Garcia : “Nous sommes des analphabètes du sexe” |
| 260 | _c2021. | ||
| 500 | _a86 | ||
| 690 | _aBeauvoir | ||
| 690 | _aConsentement | ||
| 690 | _aDrague | ||
| 690 | _aFemmes | ||
| 690 | _aManon Garcia | ||
| 690 | _aMétaphysique | ||
| 690 | _aMorale | ||
| 690 | _aParole | ||
| 690 | _aPlaisir | ||
| 690 | _aSexe | ||
| 690 | _aSoumission | ||
| 690 | _aViol | ||
| 786 | 0 | _nPhilosophie magazine | 153 | 10 | 2021-10-01 | p. 41-44 | 1951-1787 | |
| 856 | 4 | 1 | _uhttps://shs.cairn.info/magazine-philosophie-magazine-2021-10-page-41?lang=fr&redirect-ssocas=7080 |
| 999 |
_c2066861 _d2066861 |
||